Word Ladder: Call Indicator Quiz Stats

 Plays Quiz Updated Jul 18, 2017

Support Sporcle.
Go Orange.
Score 0/15 Timer 02:00
2 Plays Today
Clue 4-Letter Word % Correct
Engagement evidence•RING•
96%
To discoverFIND
94.4%
Have a mealDINE
93.3%
Skeleton componentBONE
92.8%
Almost goodFINE
92.1%
Damage to a carDING
89.3%
Long for, tree typePINE
88.7%
Sonar sound?PING
88.4%
Clue 4-Letter Word % Correct
Musical compositionSONG
87.5%
Attraction between atomsBOND
85.7%
When doubled, a NY prisonSING
85.4%
Affectionate or lovingFOND
85.4%
Currency of VietnamDONG
84%
Reciprocal of cosecantSINE
82.5%
Speaking manner that shows emotion•TONE•
72.5%

Today's Daily Dose

You're not logged in!

Compare scores with friends on all Sporcle quizzes.
OR
Log In
Forgot?

From the Vault

Is It That Country? III

by Mateo56

For those of you whose favorite book is the World Atlas...this is your time.
Remove Ads.
Support Sporcle.
Get the best of Sporcle when you Go Orange. This ad-free experience offers more features, more stats, and more fun while also helping to support Sporcle. Thank you for becoming a member.

Show Comments

Extras

Top Quizzes Today


Score Distribution

Your Account Isn't Verified!

In order to create a playlist on Sporcle, you need to verify the email address you used during registration. Go to your Sporcle Settings to finish the process.

Report this User

Report this user for behavior that violates our Community Guidelines.

Details: